00514 a2200157 450000100060000004000220000610000280002824000470005624500420010330000110014536200090015665000580016594200070022395201090023099900170033963860 cAnchieta - Pituba aGutiérrez, Francisco.10aEducação como práxis políticalpor10aEducação como práxis política a125p. 0 a1988 4aPolítica da educação pública e seus problemas cBK 00104070a91.1b91.1d2023-11-21l0o379 G984e GUT EDUp17458/PITr2023-11-21 18:32:18w2023-11-21yBK c63860d63860